00695nam a2200205Ia 4500001001000000003000500010008004100015010001100056040000900067082001600076100002000092245013800112260004900250300001100299440004000310500007000350650002400420700002100444700002400465Para_5568CHAP220125s1988 xx 000 0 und d a204015 cCHAP aPA 597.6 S9 aSzaro, Robert C aManagement of anphibians, reptiles and small mamals in North América /c by Robert C. Szaro, Kieth F. Severson and David R. Patton aFlagstoff, Arizona :b USDA. Forest Service a458 p. aGeneral technological report RM-166 aProceedings of the symposium july 19-21: 1988: Flagstaff, Arizona aBatracios Reptiles aPatton, David R. aSeverson, Kieth E.